Method of Restoring Mine Hoisting Machine Brake Unit Lever Transmission Bushing; MATEC Web of Conferences; Vol. 155 : Information and Measuring Equipment and Technologies (IME&T 2017)
| Parent link: | MATEC Web of Conferences Vol. 155 : Information and Measuring Equipment and Technologies (IME&T 2017).— 2018.— [01022, 7 p.] |
|---|---|
| Autor corporatiu: | |
| Altres autors: | , , , |
| Sumari: | Title screen In the article results of researches of brake devices of lifting machines UD of joint-stock company "ArcelorMittal Temirtau" are resulted. Defects were revealed as a result of the examination. A method and device for the unconditional control of defects and technical condition of the hinged joints of brake devices is developed in terms of the gap size and the angle of rotation between the links of the kinematic pairs "Widget-finger". For the monitoring of gaps, capacitive sensors are installed, mounted on hinged joints. It is substantiated that with the use of capacitive sensors it is possible to control the gaps in the hinged joints in real time. A device has been developed that makes it possible to estimate the magnitude of the gap at several points of the kinematic chain of the mechanism simultaneously. |
| Idioma: | anglès |
| Publicat: |
2018
|
| Matèries: | |
| Accés en línia: | https://doi.org/10.1051/matecconf/201815501022 http://earchive.tpu.ru/handle/11683/46990 |
| Format: | MixedMaterials Electrònic Capítol de llibre |
| KOHA link: | https://koha.lib.tpu.ru/cgi-bin/koha/opac-detail.pl?biblionumber=657819 |
MARC
| LEADER | 00000nla2a2200000 4500 | ||
|---|---|---|---|
| 001 | 657819 | ||
| 005 | 20231101135007.0 | ||
| 035 | |a (RuTPU)RU\TPU\network\24603 | ||
| 035 | |a RU\TPU\network\24602 | ||
| 090 | |a 657819 | ||
| 100 | |a 20180323a2018 k y0engy50 ba | ||
| 101 | 0 | |a eng | |
| 105 | |a y z 100zy | ||
| 135 | |a drcn ---uucaa | ||
| 181 | 0 | |a i | |
| 182 | 0 | |a b | |
| 200 | 1 | |a Method of Restoring Mine Hoisting Machine Brake Unit Lever Transmission Bushing |f M. Ibatov [et al.] | |
| 203 | |a Text |c electronic | ||
| 210 | |d 2018 | ||
| 300 | |a Title screen | ||
| 320 | |a [References: 7 tit.] | ||
| 330 | |a In the article results of researches of brake devices of lifting machines UD of joint-stock company "ArcelorMittal Temirtau" are resulted. Defects were revealed as a result of the examination. A method and device for the unconditional control of defects and technical condition of the hinged joints of brake devices is developed in terms of the gap size and the angle of rotation between the links of the kinematic pairs "Widget-finger". For the monitoring of gaps, capacitive sensors are installed, mounted on hinged joints. It is substantiated that with the use of capacitive sensors it is possible to control the gaps in the hinged joints in real time. A device has been developed that makes it possible to estimate the magnitude of the gap at several points of the kinematic chain of the mechanism simultaneously. | ||
| 461 | 0 | |0 (RuTPU)RU\TPU\network\4526 |t MATEC Web of Conferences | |
| 463 | 0 | |0 (RuTPU)RU\TPU\network\24598 |t Vol. 155 : Information and Measuring Equipment and Technologies (IME&T 2017) |o VIII International Scientific and Practical Conference, November 22-25, 2017, Tomsk, Russia |o [proceedings] |f National Research Tomsk Polytechnic University (TPU) ; eds. E. Siemens [et al.] |v [01022, 7 p.] |d 2018 | |
| 610 | 1 | |a электронный ресурс | |
| 610 | 1 | |a труды учёных ТПУ | |
| 610 | 1 | |a восстановление | |
| 610 | 1 | |a рудники | |
| 610 | 1 | |a шахты | |
| 610 | 1 | |a тормозные устройства | |
| 610 | 1 | |a рычаги | |
| 610 | 1 | |a втулки | |
| 610 | 1 | |a трансмиссии | |
| 610 | 1 | |a дефекты | |
| 610 | 1 | |a шарниры | |
| 610 | 1 | |a емкостные датчики | |
| 610 | 1 | |a зазоры | |
| 701 | 1 | |a Ibatov |b M. |g Marat | |
| 701 | 1 | |a Mekhtiyev |b A. |c Specialist in the field of electronics |c Senior researcher of Tomsk Polytechnic University, Candidate of technical sciences |f 1972- |g Ali |2 stltpush |3 (RuTPU)RU\TPU\pers\39786 | |
| 701 | 1 | |a Bulatbayev |b F. |g Felix | |
| 701 | 1 | |a Yakupova |b O. |g Oxana | |
| 712 | 0 | 2 | |a Национальный исследовательский Томский политехнический университет |b Исследовательская школа физики высокоэнергетических процессов |c (2017- ) |h 8118 |2 stltpush |3 (RuTPU)RU\TPU\col\23551 |
| 801 | 2 | |a RU |b 63413507 |c 20181022 |g RCR | |
| 856 | 4 | |u https://doi.org/10.1051/matecconf/201815501022 | |
| 856 | 4 | |u http://earchive.tpu.ru/handle/11683/46990 | |
| 942 | |c CF | ||